Xenoblade Chronicles Areas - Statistics

General Stats
  • This quiz has been taken 82 times
  • The average score is 17 of 23
Answer Stats
Area % Correct
Colony 6
100%
Colony 9
100%
Tephra Cave
91%
Bionis' Leg
90%
Eryth Sea
90%
Fallen Arm
88%
Makna Forest
88%
Bionis' Interior
86%
Prison Island
86%
Sword Valley
84%
Alcamoth
83%
Satorl Marsh
83%
Valak Mountain
81%
Mechonis Field
78%
Frontier Village
76%
Agniratha
74%
Ether Mine
72%
Galahad Fortress
71%
Mechonis Core
64%
Central Factory
60%
High Entia Tomb
59%
Memory Space
29%
Land of Challenge
14%
No matching quizzes found
Score Distribution
Percent of People with Each Score
Percentile by Number Answered
Your Score History
You have not taken this quiz